000 00640nam a2200229Ia 4500
003 OSt
005 20220923225747.0
006 a|||||r|||| 00| 0
007 ta
008 Pun
024 _a274,492
037 _cTextual
040 _aARTS
_cARTS
_bPun
041 _2Pun
_aPun
082 _aO153m2'N52, K1;K2
100 _aਸਿੰਘ, ਹਗ਼ਾਰਾ
_9156291
245 0 _aਸਾਹਿਤ ਸਮਾਚਾਰ
_b ਕਵਿਤਾ ਅੰਕ
260 _c1961
650 _aਪੰਜਾਬੀ ਸਾਹਿਤ
942 _hO153m2'N52, K1;K2
_cTEXL
_2CC
999 _c380226
_d380226